[Event "Monteros U2300 op"]
[Site "Monteros"]
[Date "2019.05.26"]
[Round "5"]
[White "Garcia, Eduardo Jose"]
[Black "Ortiz, Edgard"]
[Result "0-1"]
[WhiteElo "1766"]
[BlackElo "1765"]
[PlyCount "94"]
[EventDate "2019.05.25"]
[EventType "swiss"]
[EventRounds "6"]
[EventCountry "ARG"]
[SourceTitle "CBM 190 Extra"]
[Source "ChessBase"]
[SourceDate "2019.07.15"]
[SourceVersion "1"]
[SourceVersionDate "2019.07.15"]
[SourceQuality "1"]

1. d4 d5 2. c4 e6 3. Nc3 c6 4. e3 Nf6 5. Nf3 Nbd7 6. Bd3 Be7 7. Qe2 0-0 8. 0-0 Qc7 9. Rd1 Re8 10. b3 dxc4 11. Bxc4 e5 12. d5 Bb4 13. d6 Bxd6 14. Ng5 Rf8 15. Bxf7+ Rxf7 16. Qc4 Nf8 17. Rxd6 Qxd6 18. Qxf7+ Kh8 19. Qc4 Be6 20. Nxe6 Qxe6 21. Qb4 b6 22. Bb2 Rd8 23. Ne2 c5 24. Qc3 Ng6 25. Ng3 Qd5 26. Re1 Ne4 27. Nxe4 Qxe4 28. g3 Qf3 29. h4 Qg4 30. Kh2 Rd6 31. e4 Rf6 32. Qd2 h5 33. Re3 Rf3 34. a4 Rf8 35. Re2 Qe6 36. Qe3 Ne7 37. Qg5 Nc6 38. Qxh5+ Kg8 39. Qg5 Nd4 40. Bxd4 cxd4 41. f4 d3 42. Rd2 Qxb3 43. Qxe5 Rc8 44. Qd5+ Qxd5 45. exd5 Rc2 46. d6 Rxd2+ 47. Kh3 Kf7 0-1